Dejiny centrálneho bankovníctva na Slovensku/A History of Central Banking in Slovakia

Bibliographic Details
Main Author: Kačkovičová, Mária (Author)
Format: Article
Language:Slovak

MARC

LEADER 00000nab a2200000ua 4500
001 vtls010835295
003 SK-MaSNL
005 20260303140120.0
008 230218s2013 xo |||||||||||||||||slo|
035 |a (urnnbn)urn:nbn:sk:snk:ar-a06q6q 
035 |a urn:nbn:sk:snk-ab5zae 
035 |a (uuid)4442d0f6-164e-4ca3-af7e-4bb2338e6745 
040 |a SNKBUCL  |b slo  |c SNKBUCL  |e AACR2 
041 0 |a slo 
044 |a xo  |c SK 
100 1 |a Kačkovičová, Mária  |4 aut  |9 562994 
245 1 0 |a Dejiny centrálneho bankovníctva na Slovensku/A History of Central Banking in Slovakia  |c Mária Kačkovičová 
773 0 |t Fórum archivárov  |g Roč. 22, č. 3-4 (2013), s. 89-91 
954 |a odborná, vedecká literatúra pôvodná (slovenská)  |2 lita 
958 |a OND 
958 |a EUIPO 
958 |a article5 
999 |c 1969613  |d 1971543